All 82 Counties of the 13 Colonies in 1700 on a Map - Statistics

General Stats
  • This quiz has been taken 894 times
  • The average score is 26 of 82
Answers on the Map
Answers color-coded by a green-red scale on the quiz's map according to % correct below.
 
Answer Stats
County % Correct
New York
83%
Richmond
71%
Kings
69%
Philadelphia
65%
Queens
62%
Charles
61%
Albany
59%
Hartford
59%
Richmond
59%
Norfolk
55%
Suffolk
55%
Suffolk
55%
Baltimore
54%
New Haven
54%
Plymouth
53%
York
53%
York
53%
Essex
52%
Essex
52%
Essex
52%
Sussex
49%
Nantucket
48%
Kent
43%
Kent
43%
Middlesex
38%
Middlesex
38%
Middlesex
38%
New Castle
37%
Chester
35%
Westchester
35%
Gloucester
34%
Gloucester
34%
Hampshire
34%
New London
34%
Salem
34%
Bristol
33%
Orange
32%
Lancaster
31%
Barnstable
30%
Cape May
28%
Northampton
28%
Bergen
27%
Prince George's
27%
Somerset
27%
Somerset
27%
Bucks
26%
Fairfield
25%
Dukes
24%
Monmouth
23%
Surry
23%
Anne Arundel
21%
Dutchess
21%
Burlington
20%
St. Mary's
20%
Ulster
20%
Isle of Wight
19%
Northumberland
19%
Dorchester
18%
Accomack
17%
Calvert
17%
Cecil
16%
Henrico
16%
King and Queen
16%
Stafford
16%
Talbot
16%
Warwick
16%
James City
14%
Westmoreland
14%
Charles City
13%
New Kent
13%
Princess Anne
13%
Bath
12%
Currituck
12%
Pasquotank
12%
Berkeley
10%
Carteret
10%
Chowan
10%
Perquimans
10%
Elizabeth City
9%
Craven
8%
Nansemond
8%
Colleton
7%
No matching quizzes found
Score Distribution
Percent of People with Each Score
Percentile by Number Answered
Your Score History
You have not taken this quiz